Представление документа в формате MARC21

ПолеНазваниеЗначение
  Тип записи a
  Библиографический уровень m
001 Контрольный номер RU\infra-m\znanium\bibl\2212244
005 Дата корректировки 20260429142123.5
008 Кодируемые данные 260113s2025 RU g rus u
020 Индекс ISBN __
a ISBN 978-5-16-020493-2
020 Индекс ISBN __
a ISBN 978-5-16-113142-8 (электр. издание)
040 Источник каталогиз. __
a Служба первич. каталог. Общество с ограниченной ответственностью «ЗНАНИУМ»
041 Код языка издания __
a Код языка текста rus
044 Код страны публикации __
a Код страны публикации RU
080 Индекс УДК __
a Индекс УДК 634
084 Индекс другой классификации/Индекс ББК __
2 Источник индекса rubbk
a Индекс другой классификации/Индекс ББК 42.3
084 Индекс другой классификации/Индекс ББК __
2 Источник индекса okso
a Индекс другой классификации/Индекс ББК 35.01.19
084 Индекс другой классификации/Индекс ББК __
2 Источник индекса okso
a Индекс другой классификации/Индекс ББК 35.02.05
084 Индекс другой классификации/Индекс ББК __
2 Источник индекса okso
a Индекс другой классификации/Индекс ББК 35.02.12
100 Автор __
a Автор Маланкина Е.Л.
q Полное имя Маланкина Елена Львовна
u Дополнение Российский государственный аграрный университет - МСХА им. К.А. Тимирязева
245 Заглавие __
a Заглавие Лекарственные растения в декоративном садоводстве
b Продолж. заглавия Научно-популярная литература
c Ответственность Российский государственный аграрный университет - МСХА им. К.А. Тимирязева
250 Сведения об издании __
a Основные сведения об издании 1
260 Выходные данные __
a Место издания Москва
b Издательство ООО "Научно-издательский центр ИНФРА-М"
c Дата издания 2026
300 Физическое описание __
a Объем 240 с.
440 Серия __
a Серия Интересно знать
520 Аннотация __
a Аннотация В книге содержится информация об ассортименте и сортименте растений для индивидуального аптекарского огорода описываются их декоративные качества приведены сроки цветения сведения о применении. Данная информация поможет правильно подобрать место на участке для каждого растения и составить композиции не только полезные но и красивые радующие глаз в течение всего весенне-летнего сезона.
650 Тематические рубрики __
a Основная рубрика Сельское хозяйство
x Основная подрубрика Специальное (частное) растениеводство
655 Указ. предметных рубрик (устаревшее) __
a Жанр/ форма (устаревшее) Научно-популярная литература
856 Электронный адрес документа 4_
a Имя сервера/домена znanium.ru
m Помощь ebs_support@infra-m.ru
n Местонахождение сервера НИЦ ИНФРА-М
u URL https://znanium.ru/catalog/document?id=465213
856 Электронный адрес документа 48
a Имя сервера/домена znanium.ru
d Путь /cover/2212
f Электронное имя 2212244.jpg
q Тип электронного формата image/jpeg
u URL https://znanium.ru/cover/2212/2212244.jpg
911 __
u 0030=https://znanium.ru/catalog/document?id=465213